|
|
|
|
| LEADER |
02232nam a2200601 a 4500 |
| 001 |
nkc20071707012 |
| 003 |
CZ PrNK |
| 005 |
20070412112456.0 |
| 007 |
ta |
| 008 |
070130s2007 xr a f m 000 0 cze |
| 015 |
|
|
|a cnb001707012
|
| 020 |
|
|
|a 978-80-7318-522-0
|q (brož.)
|
| 035 |
|
|
|a (OCoLC)124088065
|
| 040 |
|
|
|a OLA001
|b cze
|
| 041 |
0 |
|
|a cze
|b eng
|
| 072 |
|
7 |
|a 005
|x Management. Řízení
|2 Konspekt
|9 4
|
| 080 |
|
|
|a 005
|2 MRF
|
| 080 |
|
|
|a 005.311.6
|2 MRF
|
| 080 |
|
|
|a 001.102
|2 MRF
|
| 080 |
|
|
|a 002+007
|2 MRF
|
| 080 |
|
|
|a (048.3)
|2 MRF
|
| 080 |
|
|
|a (043.5)
|2 MRF
|
| 100 |
1 |
|
|a Myšková, Renáta,
|d 1962-
|7 mzk2003169420
|4 aut
|
| 245 |
1 |
0 |
|a Informace v rozhodování managera =
|b Information in managerial decisions : teze habilitační práce /
|c Renáta Myšková
|
| 246 |
3 |
1 |
|a Information in managerial decisions
|
| 260 |
|
|
|a Ve Zlíně :
|b Univerzita Tomáše Bati,
|c 2007
|
| 300 |
|
|
|a 41 s. :
|b il. ;
|c 21 cm
|
| 490 |
1 |
|
|a Teze habilitační práce =
|a Habilitation thesis summary
|
| 500 |
|
|
|a Souběžný název edice z rubu tit. s.
|
| 500 |
|
|
|a Obor Management a ekonomika podniku
|
| 500 |
|
|
|a 60 výt.
|
| 502 |
|
|
|a Teze habilitační práce--Univerzita Tomáše Bati ve Zlíně, Fakulta managementu a ekonomiky, 2007
|
| 504 |
|
|
|a Obsahuje bibliografii
|
| 546 |
|
|
|a Anglické resumé
|
| 650 |
0 |
7 |
|a management
|7 ph115217
|2 czenas
|
| 650 |
0 |
7 |
|a rozhodování
|7 ph125259
|2 czenas
|
| 650 |
0 |
7 |
|a informace
|7 ph121095
|2 czenas
|
| 650 |
0 |
7 |
|a informační zdroje
|7 ph121110
|2 czenas
|
| 650 |
0 |
9 |
|a management
|2 eczenas
|
| 650 |
0 |
9 |
|a decision making
|2 eczenas
|
| 650 |
0 |
9 |
|a information
|2 eczenas
|
| 650 |
0 |
9 |
|a information resources
|2 eczenas
|
| 655 |
|
7 |
|a habilitační práce
|7 fd185153
|2 czenas
|
| 655 |
|
7 |
|a teze
|7 fd133701
|2 czenas
|
| 655 |
|
9 |
|a habilitation theses
|2 eczenas
|
| 655 |
|
9 |
|a abstracts
|2 eczenas
|
| 710 |
2 |
|
|a Univerzita Tomáše Bati ve Zlíně.
|b Fakulta managementu a ekonomiky
|7 kn20010709196
|
| 810 |
2 |
|
|a Univerzita Tomáše Bati ve Zlíně.
|t Teze habilitační práce
|0 s
|
| 910 |
2 |
|
|a BOA001
|b 2-1179.799
|
| 990 |
|
|
|a BK
|
| 995 |
|
|
|a 01
|
| 991 |
|
|
|b 200703
|c NOV
|
| 996 |
6 |
|
|b 2610301662
|c 2-1179.799
|l MZK
|r Sklad / do 1 hodiny
|n 2
|p p.v.
|w 000839742
|u 000010
|a 1
|e BOA001
|j MZK50
|s P
|